Národný plán zavedenia eura v Slovenskej republike aktualizácia marec 2007

Guardado en:
Detalles Bibliográficos
Formato: Libro
Lenguaje:eslovaco
Publicado: Bratislava Národná banka Slovenska 2007
Materias:
Etiquetas: Agregar Etiqueta
Sin Etiquetas, Sea el primero en etiquetar este registro!

MARC

LEADER 00000nam$a2200000$$$4500
001 0059984
005 20240318125708.4
020 |a 978-80-8043-111-2 
041 0 |a slo 
044 |a SK 
245 1 0 |a Národný plán zavedenia eura v Slovenskej republike  |b aktualizácia marec 2007 
264 1 |a Bratislava  |b Národná banka Slovenska  |c 2007 
300 |a 90 s. 
610 2 0 |a mena 
610 2 0 |a euro 
610 2 0 |a plán 
610 2 0 |a štát 
610 2 0 |a skupiny pracovné 
610 2 0 |a sektory hospodárske 
610 2 0 |a banky 
610 2 0 |a správa verejná 
610 2 0 |a ochrana spotrebiteľa 
610 2 0 |a podnikatelia 
610 2 0 |a legislatíva 
610 2 0 |a zdroje informácií 
610 2 0 |a koordinácia 
610 2 0 |a riziko 
610 2 0 |a inflácia 
610 2 0 |a Slovensko